00758 2200193 4500001002100000005001500021035002000036245018300056100001300239250002000252300005000272856002200322700013500344260003300479082000800512084001400520020001800534650001200552INLIS00000000114823120260407113251 a0010-04260000761 aDONGENG PRINCESS 5 BENUA /cPenulis.; Rifka RN Editor.; Adib.; Pemeriksa Aksara.; Seta.; IlustratoRifka RN r.; Tim.; Tata sampul.; Ferdika.; tata Isi.; Tjipto.; Pracetak.; wandi0 aRifka RN aCetakan pertama a96 halaman :bIlustrasi ;c20 x 27 cmekertas aperpustakaan umum0 aEditor.; Adib.; Pemeriksa Aksara.; Seta.; IlustratoRifka RN r.; Tim.; Tata sampul.; Ferdika.; tata Isi.; Tjipto.; Pracetak.; wandi aYogyakarta :bLaksana,c2019 a398 a398 RIF d a9786024076580 4adongeng